[Event "CRO-chT3 West"]
[Site "Croatia"]
[Date "2011.11.06"]
[Round "8.12"]
[White "Kelava, Ivan"]
[Black "Pejic, Irving"]
[Result "0-1"]
[WhiteElo "2017"]
[BlackElo "2098"]
[PlyCount "102"]
[EventDate "2011.03.12"]
[EventType "team-tourn"]
[EventRounds "9"]
[EventCountry "CRO"]
[SourceTitle "EXT 2014"]
[Source "ChessBase"]
[SourceDate "2013.11.20"]
[SourceVersion "1"]
[SourceVersionDate "2013.11.20"]
[SourceQuality "1"]

1. e4 c6 2. d4 d5 3. e5 c5 4. c3 Nc6 5. Bb5 e6 6. Ne2 Nge7 7. 0-0 Bd7 8. Ba4 cxd4 9. cxd4 Qb6 10. Nbc3 Nf5 11. Be3 Be7 12. Bc2 Nxe3 13. fxe3 f6 14. exf6 Bxf6 15. Rb1 Nb4 16. Bb3 0-0 17. a3 Nc6 18. Bc2 Bg5 19. Qd3 g6 20. b4 Ne7 21. Rf3 Rxf3 22. gxf3 Rf8 23. Rf1 a6 24. f4 Bf6 25. Ba4 Bc6 26. Kh1 Nf5 27. Rb1 Rc8 28. b5 axb5 29. Bxb5 Bxb5 30. Rxb5 Qa6 31. a4 Nd6 32. Qb1 Nxb5 33. axb5 Qa5 34. Qb3 Be7 35. Kg2 Bb4 36. Nxd5 exd5 37. Qxd5+ Kf8 38. Qxb7 Rc2 39. Kf3 Qc7 40. Qa8+ Qc8 41. Qa4 Qh3+ 42. Ng3 Qg2+ 43. Kg4 Be7 44. f5 h5+ 45. Kf4 Rf2+ 46. Ke5 Qxh2 47. Qa8+ Kg7 48. Ke6 Qxg3 49. Kxe7 Qxe3+ 50. Kd6 Qxd4+ 51. Kc7 Rc2+ 0-1

[Event "CRO-chT3 West"]
[Site "Croatia"]
[Date "2011.11.05"]
[Round "7.52"]
[White "Kelava, Ivan"]
[Black "Levar, Nenad"]
[Result "0-1"]
[WhiteElo "2017"]
[BlackElo "2077"]
[PlyCount "58"]
[EventDate "2011.03.12"]
[EventType "team-tourn"]
[EventRounds "9"]
[EventCountry "CRO"]
[SourceTitle "EXT 2014"]
[Source "ChessBase"]
[SourceDate "2013.11.20"]
[SourceVersion "1"]
[SourceVersionDate "2013.11.20"]
[SourceQuality "1"]

1. e4 c5 2. Nf3 Nc6 3. d4 cxd4 4. Nxd4 Nf6 5. Nc3 d6 6. h3 a6 7. Be2 e6 8. Be3 Be7 9. 0-0 0-0 10. f4 Qc7 11. a3 Re8 12. Nf3 b5 13. Bd3 Bb7 14. Qe1 Na5 15. Rd1 Nc4 16. Bc1 Rac8 17. Kh1 Nxa3 18. e5 dxe5 19. fxe5 Nd7 20. Ne4 Nc4 21. Neg5 Nf8 22. Nxf7 Kxf7 23. Ng5+ Kg8 24. Qh4 h6 25. Qh5 Bxg5 26. Rxf8+ Rxf8 27. Bxg5 Qxe5 28. h4 Qg3 29. Rg1 Qh3# 0-1

[Event "Bujstina op"]
[Site "Buje"]
[Date "2009.02.19"]
[Round "4"]
[White "Juras, Zvonko"]
[Black "Kelava, Ivan"]
[Result "0-1"]
[WhiteElo "1964"]
[BlackElo "1968"]
[PlyCount "106"]
[EventDate "2009.01.29"]
[EventType "swiss"]
[EventRounds "7"]
[EventCountry "CRO"]
[SourceTitle "EXT 2019"]
[Source "ChessBase"]
[SourceDate "2018.10.10"]
[SourceVersion "1"]
[SourceVersionDate "2018.10.10"]
[SourceQuality "1"]

1. e4 e6 2. d4 d5 3. e5 c5 4. c3 Nc6 5. Nf3 h6 6. Bd3 Nge7 7. dxc5 Qc7 8. Qe2 a5 9. Na3 Na7 10. b4 g5 11. Nd4 Bd7 12. Bb5 Ng6 13. Bxd7+ Kxd7 14. 0-0 Qxe5 15. Qf3 Rh7 16. Bb2 axb4 17. cxb4 Nc6 18. Rfe1 Nxd4 19. Qd3 Qf5 20. Qxd4 Bg7 21. Qd2 Bxb2 22. Qxb2 Nf4 23. Re5 Nd3 24. Rxf5 Nxb2 25. Rf3 Ra4 26. Rb3 Nc4 27. Nc2 Rh8 28. a3 Rha8 29. Rh3 g4 30. Rc3 e5 31. h3 h5 32. hxg4 hxg4 33. Kh2 Ke6 34. Kg3 f5 35. f3 Rg8 36. f4 Nd2 37. Re1 Ne4+ 38. Rxe4 fxe4 39. c6 bxc6 40. Rxc6+ Kd7 41. Rc5 Kd6 42. Ne3 Rxa3 43. Rxd5+ Kc7 44. Rc5+ Kb7 45. Kf2 g3+ 46. Ke2 exf4 47. Nc4 f3+ 48. gxf3 exf3+ 49. Kd2 Rd8+ 50. Kc2 Ra1 51. Rf5 Rc8 52. Kb2 Rxc4 53. Kxa1 g2 0-1